AFI Top 100 Quiz Stats

 Plays Quiz Updated Oct 27, 2016

Score 0/100 Timer 15:00
35 Plays Today
Rank Movie % Correct
2The Godfather
87.6%
3Casablanca
84.5%
6Gone With the Wind
82.6%
1Citizen Kane
79.8%
13Star Wars
78.4%
32The Godfather: Part II
75%
83Titanic
71.6%
10The Wizard of Oz
68.6%
8Schindler's List
64.1%
76Forrest Gump
64%
14Psycho
63.2%
24E.T. The Extra-Terrestrial
62%
4Raging Bull
59.5%
56Jaws
59%
71Saving Private Ryan
58.4%
50The Lord of the Rings: The Fellowship of the Ring
56.8%
152001: A Space Odyssey
55.8%
92Goodfellas
55.5%
9Vertigo
54.8%
20It's a Wonderful Life
53.9%
100Ben-Hur
53.3%
5Singin' in the Rain
53.2%
94Pulp Fiction
53.1%
57Rocky
52.8%
72The Shawshank Redemption
52.8%
30Apocalypse Now
52.2%
33One Flew Over the Cuckoo's Nest
52%
52Taxi Driver
51.7%
40The Sound of Music
51.4%
99Toy Story
51%
7Lawrence of Arabia
50.7%
19On the Waterfront
50.5%
48Rear Window
50.2%
17The Graduate
49.5%
Rank Movie % Correct
74The Silence of the Lambs
49%
34Snow White and the Seven Dwarfs
48.8%
66Raiders of the Lost Ark
48.8%
70A Clockwork Orange
48.4%
55North By Northwest
48.3%
86Platoon
48.2%
22Some Like It Hot
47.6%
35Annie Hall
47.3%
25To Kill a Mockingbird
46.4%
31The Maltese Falcon
43.4%
53The Deer Hunter
43.2%
68Unforgiven
42.8%
21Chinatown
42.4%
51West Side Story
42.3%
73Butch Cassidy and The Sundance Kid
42.1%
47A Streetcar Named Desire
42.1%
26Mr. Smith Goes to Washington
41%
39Dr. Strangelove
40.9%
36The Bridge on the River Kwai
40.5%
69Tootsie
40.1%
16Sunset Blvd.
38.9%
11City Lights
38.6%
12The Searchers
38.1%
28All About Eve
37.5%
44The Philadelphia Story
37.4%
65The African Queen
37.4%
41King Kong
37.4%
46It Happened One Night
37.1%
8712 Angry Men
36.5%
43Midnight Cowboy
36.2%
97Blade Runner
36%
42Bonnie and Clyde
35.8%
93The French Connection
35.6%
80The Apartment
35.2%
Rank Movie % Correct
27High Noon
35%
60Duck Soup
34.7%
81Spartacus
34.6%
64Network
34.4%
23The Grapes of Wrath
33.2%
89The Sixth Sense
33.1%
18The General
32.1%
38The Treasure of the Sierra Madre
31.3%
84Easy Rider
31.2%
75In the Heat of the Night
31.2%
78Modern Times
30.8%
77All the President's Men
30.5%
62American Graffiti
30.5%
91Sophie's Choice
30%
63Cabaret
30%
45Shane
29.8%
54M*A*S*H
29.8%
29Double Indemnity
29.8%
37The Best Years of Our Lives
29.7%
88Bringing Up Baby
28.8%
58The Gold Rush
26.6%
49Intolerance
26.4%
98Yankee Doodle Dandy
26.4%
67Who's Afraid of Virginia Woolf?
26.2%
96Do the Right Thing
26%
85A Night at the Opera
24.9%
59Nashville
24%
79The Wild Bunch
23.9%
82Sunrise
22.4%
95The Last Picture Show
22.3%
61Sullivan's Travels
18.8%
90Swing Time
18.8%

You're not logged in!

Compare scores with friends on all Sporcle quizzes.
OR
Log In

Sporcle TV

Today on Sporcle TV


Watch our educational content, quiz creation guides, and fun videos on Sporcle TV.

Show Comments

Extras

Top Quizzes Today


Score Distribution

Your Account Isn't Verified!

In order to create a playlist on Sporcle, you need to verify the email address you used during registration. Go to your Sporcle Settings to finish the process.

Report this User

Report this user for behavior that violates our Community Guidelines.

Details: